"A transzcendens okság elmélete"
Elmentve itt :
| Szerző: | |
|---|---|
| Adatforrás: | Philobibl |
| Forrásdokumentuma: | Athenaeum 1944/1-2 56-70. p. |
| Dokumentumtípus: | Cikk |
| Nyelv: | magyar |
| LEADER | 00314nab a2200109 c 4500 | ||
|---|---|---|---|
| 001 | bibDOK00012584 | ||
| 005 | 20200924120758.7 | ||
| 008 | 060518s1944 xx hun | ||
| 100 | 1 | |a Brandenstein Béla | |
| 245 | 1 | 3 | |a "A transzcendens okság elmélete" |c Brandenstein Béla |
| 500 | |a vitaülés | ||
| 773 | 0 | |t Athenaeum 1944/1-2 |g 56-70. p. | |